000 00418nam a22001697a 4500
003 LK-CoDNM
005 20240906144328.0
008 240906b |||||||| |||| 00| 0 eng d
040 _aLK-CoDNM
_dLK-CoDNM
_eLK-CoDNM
041 _aeng
080 _a6
_bB13
100 _aUnknown
245 _aAccount of Mr.Pybus's Mission to The King of Kandy
260 _bColombo
_c1862
300 _a113p ; 17cm
942 _cBK
999 _c151468
_d151468